Limitación de armamentos: teoría y práctica
محفوظ في:
| مؤلف مشترك: | |
|---|---|
| التنسيق: | كتاب |
| اللغة: | الإسبانية |
| منشور في: |
Valparaíso
Armada de Chile
1997
|
| الموضوعات: | |
| الوسوم: |
إضافة وسم
لا توجد وسوم, كن أول من يضع وسما على هذه التسجيلة!
|
MARC
| LEADER | 00000nam a2200000 a 4500 | ||
|---|---|---|---|
| 001 | UCQ1694 | ||
| 003 | CL-VaPUC | ||
| 008 | 980721e19970000CL |||||||||||||||||spa|d | ||
| 082 | 0 | 4 | |a 327.174 |b CEN |2 21 |
| 110 | 2 | |a Centro de Estudio Estratégicos de la Armada |e author |9 415426 | |
| 245 | 1 | 0 | |a Limitación de armamentos: teoría y práctica |
| 300 | |a 39 p | ||
| 942 | |c BK | ||
| 945 | |d 19980721 00:00:00 |a mvenant | ||
| 260 | |a Valparaíso |b Armada de Chile |c 1997 | ||
| 650 | 0 | |a Armamento |9 357063 | |
| 650 | 0 | |a Desarme |9 255227 | |
| 650 | 7 | |a POLITICA DE DEFENSA |2 CL-VaPUC |9 336840 | |
| 650 | 0 | |a Seguridad nacional |9 317752 | |
| 650 | 0 | |a Armas |9 318202 | |
| 651 | 7 | |a CHILE |2 CL-VaPUC |9 415427 | |
| 583 | |a last modification |c 19980721 00:00:00 |k Rodrigo Vera | ||
| 999 | |c 272542 |d 272540 | ||
| 952 | |0 0 |1 0 |4 0 |6 327_174000000000000_CEN_1997 |7 0 |8 A |9 307639 |a BIBDER |b BIBDER |d 2019-11-20 |i 3444619 |o 327.174 CEN 1997 |p 3444619 |r 2023-01-25 |w 2019-11-20 |y BK |k DER | ||